|
|
|
|
| LEADER |
00000naa2a2200000 4500 |
| 001 |
622841 |
| 005 |
20231101133231.0 |
| 035 |
|
|
|a (RuTPU)RU\TPU\conf\21657
|
| 035 |
|
|
|a RU\TPU\conf\21656
|
| 090 |
|
|
|a 622841
|
| 100 |
|
|
|a 20170712d2017 k y0rusy50 ca
|
| 101 |
0 |
|
|a rus
|
| 102 |
|
|
|a RU
|
| 105 |
|
|
|a y z 101zy
|
| 135 |
|
|
|a drgn ---uucaa
|
| 181 |
|
0 |
|a i
|
| 182 |
|
0 |
|a b
|
| 200 |
1 |
|
|a Иодфенилбензимидазол как перспективный субстрат для получения псевдоциклических производных поливалентного йода
|f Ю. А. Власенко
|g науч. рук. П. С. Постников
|
| 203 |
|
|
|a Текст
|c электронный
|
| 225 |
1 |
|
|a Химия и химическая технология органических веществ и материалов
|
| 230 |
|
|
|a 1 компьютерный файл (pdf; 792 Kb)
|
| 300 |
|
|
|a Заглавие с экрана
|
| 320 |
|
|
|a [Библиогр.: с. 133 (3 назв.)]
|
| 463 |
|
0 |
|0 (RuTPU)RU\TPU\conf\21448
|t Химия и химическая технология в XXI веке
|o материалы XVIII Международной научно-практической конференции студентов и молодых ученых имени профессора Л.П. Кулёва, 29 мая-1 июня 2017 г., г. Томск
|f Национальный исследовательский Томский политехнический университет (ТПУ) ; Институт природных ресурсов (ИПР) ; Институт физики высоких технологий (ИФВТ) ; Физико-технический институт (ФТИ)
|v [С. 132-133]
|d 2017
|
| 610 |
1 |
|
|a труды учёных ТПУ
|
| 610 |
1 |
|
|a электронный ресурс
|
| 610 |
1 |
|
|a соединения
|
| 610 |
1 |
|
|a поливалентный иод
|
| 610 |
1 |
|
|a органический синтез
|
| 610 |
1 |
|
|a субстраты
|
| 610 |
1 |
|
|a азот
|
| 700 |
|
1 |
|a Власенко
|b Ю. А.
|c химик
|c инженер Томского политехнического университета
|f 1994-
|g Юлия Александровна
|2 stltpush
|3 (RuTPU)RU\TPU\pers\40238
|
| 702 |
|
1 |
|a Постников
|b П. С.
|c химик-органик
|c старший преподаватель Томского политехнического университета, кандидат химических наук
|f 1984-
|g Павел Сергеевич
|2 stltpush
|4 727
|
| 712 |
0 |
2 |
|a Национальный исследовательский Томский политехнический университет (ТПУ)
|b Институт природных ресурсов (ИПР)
|b Кафедра технологии органических веществ и полимерных материалов (ТОВПМ)
|h 6832
|2 stltpush
|3 (RuTPU)RU\TPU\col\18659
|
| 801 |
|
2 |
|a RU
|b 63413507
|c 20180305
|g RCR
|
| 856 |
4 |
|
|u http://earchive.tpu.ru/handle/11683/41738
|
| 942 |
|
|
|c BK
|